Districts of İzmir - Statistics

General Stats
  • This quiz has been taken 252 times
  • The average score is 20 of 30
Answer Stats
# District % Correct
Ç Çeşme
90%
K Karşıyaka
86%
B Bornova
85%
K Konak
84%
B Buca
82%
U Urla
77%
M Menemen
76%
A Aliağa
75%
F Foça
74%
Ç Çiğli
73%
Ö Ödemiş
70%
B Bayraklı
69%
G Güzelbahçe
66%
T Tire
66%
D Dikili
64%
G Gaziemir
63%
K Karabağlar
63%
S Seferihisar
63%
S Selçuk
63%
T Torbalı
63%
B Bergama
62%
N Narlıdere
61%
B Balçova
60%
K Karaburun
60%
K Kiraz
60%
M Menderes
58%
K Kemalpaşa
57%
K Kınık
47%
B Bayındır
44%
B Beydağ
40%
No matching quizzes found
Score Distribution
Percent of People with Each Score
Percentile by Number Answered
Your Score History
You have not taken this quiz